000 00768cam a2200301 4500
008 090401t1995 xxu||||| |||| 00| 0 eng d
020 _a0117103306
035 _a(Sirsi) u25318
041 _aeng
050 _a634.96954
100 _aWilloughby, Ian
245 4 _aThe use of herbicides in the forest 1995.
250 _a4th ed.
260 _aLondon
_bHMSO
_c1995
300 _aviii,318p. ; 21cm.
350 _a9.95
490 _aField
_v8 Book
520 _aFour folded pages of charts loose inside back cover.
650 _aFORESTRY
650 _aHERBICIDES
650 _aPESTICIDES
650 _aWEED CONTROL
690 _aRURAL PRACTICE
700 _aDewar, Jim
710 _aForestry Commission
_9804
942 _n0
948 _c04/03/1997
999 _c88718
_d88718